chemical overreaction lyrics ( wwatt / will wood ) - Statistics

General Stats
  • This quiz has been taken 29 times
  • The average score is 184 of 270
Answer Stats
Answer % Correct
a
100%
bad
100%
i
100%
the
100%
we
100%
who
100%
be
92%
chemical
92%
eye
92%
i'm
92%
in
92%
me
92%
my
92%
reaction
92%
to
92%
and
85%
done
85%
eyes
85%
no
85%
of
85%
action
77%
relaxing
77%
relaxing,
77%
taking
77%
with
77%
am
69%
badge
69%
gaining
69%
i'll
69%
la
69%
on
69%
sand
69%
sets
69%
traction
69%
vest
69%
west
69%
bullet
62%
by
62%
chest
62%
coyotes
62%
distractions
62%
good
62%
hand
62%
happen
62%
is
62%
might
62%
more
62%
nettles
62%
people
62%
playing
62%
saint
62%
things
62%
are
54%
back
54%
before
54%
brain
54%
'cause
54%
de
54%
draw
54%
evil
54%
illness
54%
line
54%
man
54%
medicine
54%
red
54%
rest
54%
snot
54%
stop
54%
twilight
54%
won't
54%
apart
46%
aye
46%
bite
46%
caught
46%
could
46%
dies
46%
drop
46%
dry
46%
head
46%
land?
46%
lizard
46%
mouth
46%
never
46%
nosed
46%
peyote
46%
picked
46%
pieces
46%
rattlesnake
46%
saddle
46%
sunrise
46%
'till
46%
where
46%
wild
46%
wizard
46%
worth
46%
around
38%
cactus
38%
fat
38%
out
38%
panic
38%
panoramic
38%
sentimental
38%
steeples
38%
stretched
38%
value
38%
you
38%
aranas
31%
city
31%
desert's
31%
lacks
31%
pothead
31%
settle
31%
view
31%
villa
31%
bet
23%
chewing
23%
completely
23%
espanas
23%
hands
23%
hindsight
23%
mold
23%
precognition
23%
pule
23%
rolling
23%
rotten
23%
spot
23%
this
23%
thunder
23%
tripping
23%
whoa!
23%
will
23%
wretch
23%
bienvenidos
15%
deleted
15%
klutz
15%
like
15%
obsolete
15%
better
8%
still
8%
stun
8%
with matches
0%
No matching quizzes found
Score Distribution
Percent of People with Each Score
Percentile by Number Answered
Your Score History
You have not taken this quiz